La letra y el espíritu de la ley.
Αποθηκεύτηκε σε:
| Κύριος συγγραφέας: | |
|---|---|
| Άλλοι συγγραφείς: | , |
| Μορφή: | Βιβλίο |
| Γλώσσα: | Ισπανικά |
| Έκδοση: |
Barcelona, España:
Ariel,
1995.
|
| Έκδοση: | 1a. edición. |
| Σειρά: | Ariel Derecho.
|
| Θέματα: | |
| Ετικέτες: |
Προσθήκη ετικέτας
Δεν υπάρχουν, Καταχωρήστε ετικέτα πρώτοι!
|
MARC
| LEADER | 00000nam a2200000 a 4500 | ||
|---|---|---|---|
| 001 | UCU2169 | ||
| 003 | CL-VaPUC | ||
| 005 | 20220822114328.0 | ||
| 008 | 960419e19950000SP |||||||||||||||||spa|d | ||
| 999 | |c 246544 |d 246542 | ||
| 020 | |a 84-344-1594-1 | ||
| 040 | |c Pontificia Universidad Católica de Valparaíso | ||
| 082 | 0 | 4 | |a 340.13 FRO 1995 |2 21 |
| 100 | 0 | |a Frosini, Vittorio |e autor |9 358152 | |
| 245 | 1 | 3 | |a La letra y el espíritu de la ley. |
| 250 | |a 1a. edición. | ||
| 260 | |a Barcelona, España: |b Ariel, |c 1995. | ||
| 300 | |a 158 páginas. | ||
| 490 | 0 | |a Ariel Derecho. | |
| 500 | |a c.2 Donación Familia Prof. Alejandro Guzmán Brito. | ||
| 583 | |a last modification |c 19960419 00:00:00 |k Rodrigo Vera | ||
| 650 | 0 | |a Leyes |9 256670 | |
| 650 | 0 | |a Jueces |9 256162 | |
| 650 | 0 | |a Juristas |9 255986 | |
| 650 | 0 | |a Aplicación de la ley |2 CL-VaPUC |9 338319 | |
| 700 | |a Alarcón Cabrera, Carlos |9 366180 |e traducción | ||
| 700 | |a Llano Alonso, Fernando H. |9 590042 |e traducción | ||
| 942 | |c BK |2 ddc |n 0 | ||
| 945 | |d 19960419 00:00:00 |a rleighto | ||
| 952 | |0 0 |1 0 |4 0 |6 340_130000000000000_FRO_1995 |7 0 |8 DER_TF |9 261613 |a BIBDER |b BIBDER |d 2019-11-19 |i 3193012 |o 340.13 FRO 1995 |p 3193012 |r 2023-01-25 |w 2019-11-19 |x Ubicación 4to Piso |y BK |z Estos recursos deben solicitarse con anticipación |k DER | ||
| 952 | |0 0 |1 0 |2 ddc |4 0 |6 340_130000000000000_FRO_1995 |7 1 |8 C_AGB |9 580708 |a BIBDER |b BIBDER |d 2022-01-20 |e Donación |i 5640504 |o 340.13 FRO 1995 |p 5640504 |r 2023-01-25 |t 2 |w 2022-01-20 |y BK_US |k AGB | ||